LEADER 01016nam0-22003131i-450- 001 990003770590403321 005 20120208124558.0 035 $a000377059 035 $aFED01000377059 035 $a(Aleph)000377059FED01 035 $a000377059 100 $a20030910d1978----km-y0itay50------ba 101 0 $aita 102 $aIT 105 $ay-------001cy 200 1 $a<>rappresentanza sindacale del ceto medio commerciale$eun'indagine socio-politica$fEnzo Vittorio Trapanese, Antonio Cavicchia Scalamonti 210 $aUrbino$cLibreria ed. Montefeltro$d1978. 215 $a161 p.$cfig., tab.$d24 cm 610 0 $aSindacati$aItalia 676 $a331.880945$v22$zita 700 1$aTrapanese,$bEnzo Vittorio$0144240 701 1$aCavicchia Scalamonti,$bAntonio$0143379 801 0$aIT$bUNINA$gRICA$2UNIMARC 901 $aBK 912 $a990003770590403321 952 $a331.880945 TRA 1$b354$fBFS 959 $aBFS 996 $aRappresentanza sindacale del ceto medio commerciale$9510852 997 $aUNINA LEADER 01051nam0-22003491--450- 001 990008236780403321 005 20080213152842.0 020 $aIT$b1955 4973 035 $a000823678 035 $aFED01000823678 035 $a(Aleph)000823678FED01 035 $a000823678 100 $a20051130d1955----km-y0itay50------ba 101 1 $aita$cfre 102 $aIT 105 $ay-------001yy 200 1 $aTeoria economica e azione politica$fPierre Mendès-France e Gabriel Ardant 210 $a[S.l.]$cUnesco-Sansoni$dstampa 1955$eFirenze$gStianti 215 $aXV, 227 p.$d21 cm 454 0$12001$a<>science économique et l'action$949018 676 $a338.9009$v21$zita 700 1$aMendès France,$bPierre$f<1907-1982>$0407658 701 1$aArdant,$bGabriel$0120780 801 0$aIT$bUNINA$gRICA$2UNIMARC 901 $aBK 912 $a990008236780403321 952 $aXV L 117$b45864$fFGBC 952 $aD/0 MEN$b050258$fSES 959 $aFGBC 959 $aSES 996 $aScience économique et l'action$949018 997 $aUNINA